Horror Movies with Animals - Statistics

General Stats
  • This quiz has been taken 42 times
  • The average score is 8 of 15
Answer Stats
Hint Answer % Correct
A great white shark terrorizes a seaside town during the summer (1975) Jaws
86%
An attempt to create a wildlife park with revived prehistoric creatures goes awry (1993) Jurassic Park
78%
A family’s dead cat comes back to life after they bury it (1989) Pet Sematary
75%
Swarms of deadly avians terrorize Bodega Bay (1963) The Birds
72%
“Grizzly” attacks happen after a wild animal consumes a large amount of drugs (2023) Cocaine Bear
69%
A dog is bitten by a rabid bat and goes on a killing rampage (1983) Cujo
69%
After an animal attack, a man transforms into a canis lupus every full moon (1941) The Wolf Man
67%
A scientist begins to mutate into an insect after his teleportation invention goes wrong (1958) The Fly
61%
A deadly spider species makes its way from Venezuela to a California town and causes havoc (1990) Arachnophobia
44%
An awkward and abused man makes friends with rats and gets them to do his bidding (1971) Willard
42%
A demonic turkey emerges after 505 years to go on a killing spree (2008) ThanksKilling
28%
Sequel to the above movie, named for its titular rat (1972) Ben
22%
A scientist uses a college student for his experiments, turning him into a snake (1973) Sssssss
14%
Not-so-direct sequel to the above movie (2012) ThanksKilling 3
14%
A rich family endanger the local ecosystem around their home, so the wildlife take revenge (1972) Frogs
11%
No matching quizzes found
Score Distribution
Percent of People with Each Score
Percentile by Number Answered
Your Score History
You have not taken this quiz